00283nam a2200121Ia 4500008004100000041000900041082001800050100002000068245002500088260003200113300000800145650000800153230718s9999 xx 000 0 und d aEng. a344.12bZAR-D aZara Dr Andleeb 0aDrug Law in Pakistan aPakistanbManzoor law House a983 aLaw